Things I'll never say: (Record no. 164020)

MARC details
000 -LEADER
fixed length control field 00705njm a2200217 i 4500
001 - CONTROL NUMBER
control field C2-0336051
003 - CONTROL NUMBER IDENTIFIER
control field PPAK
005 - DATE AND TIME OF LATEST TRANSACTION
control field 20180729135313.0
008 - FIXED-LENGTH DATA ELEMENTS--GENERAL INFORMATION
fixed length control field 160426s2014 ohua|||| ||||| | eng d
020 ## - INTERNATIONAL STANDARD BOOK NUMBER
International Standard Book Number 9781501250989
040 ## - CATALOGING SOURCE
Original cataloging agency PPAK
Language of cataloging eng
Transcribing agency PPAK
Description conventions rda
245 10 - TITLE STATEMENT
Title Things I'll never say:
Remainder of title stories about our secret selves
264 #1 - PRODUCTION, PUBLICATION, DISTRIBUTION, MANUFACTURE, AND COPYRIGHT NOTICE
Place of production, publication, distribution, manufacture Solon, Ohio :
Name of producer, publisher, distributor, manufacturer Findaway World, LLC ,
Date of production, publication, distribution, manufacture, or copyright notice 2014
336 ## - CONTENT TYPE
Source rdacontent
Content type term text
337 ## - MEDIA TYPE
Source rdamedia
Media type term unmediated
338 ## - CARRIER TYPE
Source rdacarrier
Carrier type term volume
500 ## - GENERAL NOTE
General note Issued on Playaway, a dedicated audio media player. ; One set of earphones and one AAA battery required for listening.
650 10 - SUBJECT ADDED ENTRY--TOPICAL TERM
Topical term or geographic name entry element Short stories, English.
700 ## - ADDED ENTRY--PERSONAL NAME
Relator term author
942 ## - ADDED ENTRY ELEMENTS (KOHA)
-- dc
Koha item type Book
Holdings
Withdrawn status Lost status Source of classification or shelving scheme Damaged status Not for loan Current library Shelving location Date acquired Source of acquisition Full call number Barcode Date last seen Koha item type
    Dewey Decimal Classification   Not For Loan Perpustakaan Alor Setar Rujukan American Corner 20/04/2016 Lincoln Resource Center RLCK 823 ANG A00864080 05/07/2018 Audio Media Player